| 000 | 00537aam a2200205 4500 | ||
|---|---|---|---|
| 005 | 20250819140410.0 | ||
| 008 | 150624b2013 xxu||||| |||| 00| 0 spa d | ||
| 041 | _aESP | ||
| 082 | _a345 A529d | ||
| 100 |
_aAmuchtegui Requema, Irma Griselda _925702 |
||
| 100 | _aVillasana Diaz, Ignacio | ||
| 245 | _aDerecho penal: banco de preguntas | ||
| 260 | _aMéxico | ||
| 260 | _bOxford University Press | ||
| 260 | _c2013 | ||
| 300 | _a69 páginas | ||
| 490 | _aInvestigación Criminal | ||
| 650 | _aDERECHO PENAL | ||
| 942 |
_cBK _2ddc |
||
| 999 |
_c3048 _d3048 |
||